[Event "European Women's Chess Club Cup 2023"]
[Site "Durres, Albania"]
[Date "2023.10.02"]
[Round "2.14"]
[White "Gaponenko, Inna"]
[Black "Salimova, Nurgyul"]
[Result "1/2-1/2"]
[TimeControl "90' + 30' & 30\""]
[WhiteElo "2332"]
[BlackElo "2424"]

1. e4 {[%clk 01:30:57]} {[%emt 00:00:03]} c6 {[%clk 01:30:54]} {[%emt
00:00:07]} 2. d4 {[%clk 01:30:59]} {[%emt 00:00:26]} d5 {[%clk 01:31:20]}
{[%emt 00:00:04]} 3. exd5 {[%clk 01:31:00]} {[%emt 00:00:30]} cxd5 {[%clk
01:31:43]} {[%emt 00:00:06]} 4. c4 {[%clk 01:31:26]} {[%emt 00:00:04]} Nf6
{[%clk 01:32:04]} {[%emt 00:00:09]} 5. Nc3 {[%clk 01:31:50]} {[%emt 00:00:06]}
Nc6 {[%clk 01:32:14]} {[%emt 00:00:20]} 6. Nf3 {[%clk 01:31:18]} {[%emt
00:01:02]} Bg4 {[%clk 01:30:25]} {[%emt 00:02:20]} 7. cxd5 {[%clk 01:31:23]}
{[%emt 00:00:24]} Nxd5 {[%clk 01:30:42]} {[%emt 00:00:14]} 8. Qb3 {[%clk
01:31:11]} {[%emt 00:00:42]} Bxf3 {[%clk 01:30:52]} {[%emt 00:00:19]} 9. gxf3
{[%clk 01:31:36]} {[%emt 00:00:05]} Nb6 {[%clk 01:30:12]} {[%emt 00:01:11]} 10.
d5 {[%clk 01:31:50]} {[%emt 00:00:16]} Nd4 {[%clk 01:30:05]} {[%emt 00:00:38]}
11. Bb5+ {[%clk 01:31:37]} {[%emt 00:00:42]} Nd7 {[%clk 01:29:07]} {[%emt
00:01:28]} 12. Qa4 {[%clk 01:31:25]} {[%emt 00:00:42]} Nxb5 {[%clk 01:29:04]}
{[%emt 00:00:33]} 13. Qxb5 {[%clk 01:31:45]} {[%emt 00:00:10]} g6 {[%clk
01:28:09]} {[%emt 00:01:25]} 14. O-O {[%clk 01:31:40]} {[%emt 00:00:35]} Bg7
{[%clk 01:28:19]} {[%emt 00:00:20]} 15. Re1 {[%clk 01:30:33]} {[%emt 00:01:37]}
O-O {[%clk 01:28:36]} {[%emt 00:00:13]} 16. Bg5 {[%clk 01:30:47]} {[%emt
00:00:15]} Bxc3 {[%clk 01:27:20]} {[%emt 00:01:46]} 17. bxc3 {[%clk 01:31:12]}
{[%emt 00:00:06]} f6 {[%clk 01:27:40]} {[%emt 00:00:10]} 18. Bf4 {[%clk
01:31:31]} {[%emt 00:00:10]} b6 {[%clk 01:18:13]} {[%emt 00:09:57]} 19. Qe2
{[%clk 01:17:53]} {[%emt 00:14:09]} Rf7 {[%clk 01:16:40]} {[%emt 00:02:02]} 20.
Rad1 {[%clk 01:17:42]} {[%emt 00:00:41]} Rc8 {[%clk 01:00:45]} 21. c4 {[%clk
01:17:42]} Nc5 {[%clk 01:00:45]} 22. Bc1 {[%clk 01:17:42]} Qd6 {[%clk
01:00:45]} 23. Rd4 {[%clk 01:17:42]} Re8 {[%clk 01:00:45]} 24. Qd1 {[%clk
01:17:42]} Rd8 {[%clk 01:00:45]} 25. Qe2 {[%clk 01:17:42]} Rg7 {[%clk
01:00:45]} 26. Bb2 {[%clk 01:17:42]} g5 {[%clk 01:00:45]} 27. Qe3 {[%clk
01:17:42]} Kf8 {[%clk 01:00:45]} 28. Ba3 {[%clk 01:17:42]} Qc7 {[%clk
01:00:45]} 29. Bxc5 {[%clk 01:17:42]} Qxc5 {[%clk 01:00:45]} 30. Re4 {[%clk
01:17:42]} Qxe3 {[%clk 01:00:45]} 31. R1xe3 {[%clk 01:17:42]} Rd7 {[%clk
01:00:45]} 32. Re6 {[%clk 01:17:42]} Kf7 {[%clk 01:00:45]} 33. Rc6 {[%clk
01:17:42]} Rg8 {[%clk 01:00:45]} 34. a4 {[%clk 01:17:42]} Rgd8 {[%clk
01:00:45]} 35. Ree6 {[%clk 01:17:42]} Rb8 {[%clk 01:00:45]} 36. Kg2 {[%clk
01:17:42]} Rbb7 {[%clk 01:00:45]} 37. f4 {[%clk 01:17:42]} gxf4 {[%clk
01:00:45]} 38. Kf3 {[%clk 01:17:42]} Rd8 {[%clk 01:00:45]} 39. Re4 {[%clk
01:17:42]} Rbd7 {[%clk 01:00:45]} 40. Rxf4 {[%clk 01:17:42]} Rd6 {[%clk
01:00:45]} 41. Rxd6 {[%clk 01:17:42]} Rxd6 {[%clk 01:00:45]} 42. Rh4 {[%clk
01:17:42]} Kg6 {[%clk 01:00:45]} 43. Rg4+ {[%clk 01:17:42]} Kf7 {[%clk
01:00:45]} 44. Rh4 {[%clk 01:17:42]} Kg6 {[%clk 01:00:45]} 45. Ke4 {[%clk
01:17:42]} h5 {[%clk 01:00:45]} 46. Rh3 {[%clk 01:17:42]} Rd8 {[%clk 01:00:45]}
47. Rg3+ {[%clk 01:17:42]} Kf7 {[%clk 01:00:45]} 48. Rh3 {[%clk 01:17:42]} Kg6
{[%clk 01:00:45]} 49. Rg3+ {[%clk 01:17:42]} Kf7 {[%clk 01:00:45]} 50. Rh3
{[%clk 01:17:42]} 1/2-1/2

[Event "European Women's Chess Club Cup 2023"]
[Site "Durres, Albania"]
[Date "2023.10.02"]
[Round "2.15"]
[White "Injac, Teodora"]
[Black "Iglesias, Yosha"]
[Result "1/2-1/2"]
[TimeControl "90' + 30' & 30\""]
[WhiteElo "2426"]
[BlackElo "2259"]

1. d4 {[%clk 01:30:55]} {[%emt 00:00:03]} d5 {[%clk 01:30:49]} {[%emt
00:00:11]} 2. Nf3 {[%clk 01:31:04]} {[%emt 00:00:22]} Nf6 {[%clk 01:31:11]}
{[%emt 00:00:08]} 3. c4 {[%clk 01:31:20]} {[%emt 00:00:15]} c6 {[%clk
01:31:33]} {[%emt 00:00:07]} 4. e3 {[%clk 01:31:25]} {[%emt 00:00:25]} Bf5
{[%clk 01:31:21]} {[%emt 00:00:41]} 5. Nc3 {[%clk 01:31:44]} {[%emt 00:00:12]}
e6 {[%clk 01:31:08]} {[%emt 00:00:43]} 6. Nh4 {[%clk 01:32:02]} {[%emt
00:00:12]} Be4 {[%clk 01:31:14]} {[%emt 00:00:24]} 7. f3 {[%clk 01:32:03]}
{[%emt 00:00:29]} Bg6 {[%clk 01:31:38]} {[%emt 00:00:06]} 8. Bd2 {[%clk
01:31:10]} {[%emt 00:01:23]} dxc4 {[%clk 01:30:27]} {[%emt 00:01:41]} 9. Bxc4
{[%clk 01:28:00]} {[%emt 00:03:40]} b5 {[%clk 01:27:23]} {[%emt 00:03:34]} 10.
Nxg6 {[%clk 01:20:29]} {[%emt 00:08:02]} hxg6 {[%clk 01:27:46]} {[%emt
00:00:06]} 11. Bd3 {[%clk 01:19:41]} {[%emt 00:01:18]} Nbd7 {[%clk 01:27:15]}
{[%emt 00:01:00]} 12. Qe2 {[%clk 01:16:08]} {[%emt 00:04:04]} a6 {[%clk
01:27:28]} {[%emt 00:00:17]} 13. Ne4 {[%clk 01:11:11]} {[%emt 00:05:28]} c5
{[%clk 01:19:30]} {[%emt 00:08:27]} 14. Nxc5 {[%clk 00:49:08]} Bxc5 {[%clk
01:19:30]} 15. dxc5 {[%clk 00:49:08]} Nxc5 {[%clk 01:19:30]} 16. Bc2 {[%clk
00:49:08]} Qd6 {[%clk 01:19:30]} 17. O-O-O {[%clk 00:49:08]} O-O {[%clk
01:19:30]} 18. Kb1 {[%clk 00:49:08]} Nd5 {[%clk 01:19:30]} 19. h4 {[%clk
00:49:08]} Qe5 {[%clk 01:19:30]} 20. f4 {[%clk 00:49:08]} Nxf4 {[%clk
01:19:30]} 21. Qf3 {[%clk 00:49:08]} Nd5 {[%clk 01:19:30]} 22. e4 {[%clk
00:49:08]} Nf6 {[%clk 01:19:30]} 23. Bc3 {[%clk 00:49:08]} Qh5 {[%clk
01:19:30]} 24. Rdg1 {[%clk 00:49:08]} Qxf3 {[%clk 01:19:30]} 25. gxf3 {[%clk
00:49:08]} Nh5 {[%clk 01:19:30]} 26. Rg5 {[%clk 00:49:08]} Na4 {[%clk
01:19:30]} 27. Bxa4 {[%clk 00:49:08]} bxa4 {[%clk 01:19:30]} 28. Ra5 {[%clk
00:49:08]} Rfd8 {[%clk 01:19:30]} 29. Kc2 {[%clk 00:49:08]} f6 {[%clk
01:19:30]} 30. Rxa4 {[%clk 00:49:08]} e5 {[%clk 01:19:30]} 31. Rd1 {[%clk
00:49:08]} Rxd1 {[%clk 01:19:30]} 32. Kxd1 {[%clk 00:49:08]} Nf4 {[%clk
01:19:30]} 33. Kc2 {[%clk 00:49:08]} Ne2 {[%clk 01:19:30]} 34. Kd3 {[%clk
00:49:08]} Nxc3 {[%clk 01:19:30]} 35. Kxc3 {[%clk 00:49:08]} Kh7 {[%clk
01:19:30]} 36. Rc4 {[%clk 00:49:08]} Kh6 {[%clk 01:19:30]} 37. Rc7 {[%clk
00:49:08]} g5 {[%clk 01:19:30]} 38. h5 {[%clk 00:49:08]} Rg8 {[%clk 01:19:30]}
39. b4 {[%clk 00:49:08]} Kxh5 {[%clk 01:19:30]} 40. Kd3 {[%clk 00:49:08]} g4
{[%clk 01:19:30]} 41. Ke3 {[%clk 00:49:08]} g3 {[%clk 01:19:30]} 42. Rc1 {[%clk
00:49:08]} Rb8 {[%clk 01:19:30]} 43. a3 {[%clk 00:49:08]} a5 {[%clk 01:19:30]}
44. Rh1+ {[%clk 00:49:08]} Kg5 {[%clk 01:19:30]} 45. Rg1 {[%clk 00:49:08]} axb4
{[%clk 01:19:30]} 46. axb4 {[%clk 00:49:08]} Rxb4 {[%clk 01:19:30]} 47. Rxg3+
{[%clk 00:49:08]} Kh6 {[%clk 01:19:30]} 48. Rh3+ {[%clk 00:49:08]} Kg6 {[%clk
01:19:30]} 49. Kf2 {[%clk 00:49:08]} Kf7 {[%clk 01:19:30]} 50. Kg3 {[%clk
00:49:08]} Rb8 {[%clk 01:19:30]} 51. Rh1 {[%clk 00:49:08]} Rd8 {[%clk
00:18:18]} {[%emt 03:49:04]} 52. Rb1 {[%clk 00:07:23]} Kg6 {[%clk 00:18:18]} 53.
Rh1 {[%clk 00:07:23]} Rc8 {[%clk 00:18:18]} 54. Rh4 {[%clk 00:07:23]} Rc1
{[%clk 00:18:18]} 55. Kg2 {[%clk 00:07:23]} Rd1 {[%clk 00:18:18]} 56. Rg4+
{[%clk 00:07:23]} Kf7 {[%clk 00:18:18]} 57. Rh4 {[%clk 00:07:23]} Rd8 {[%clk
00:18:18]} 58. Kg3 {[%clk 00:07:23]} Rg8 {[%clk 00:18:18]} 59. Rh1 {[%clk
00:07:23]} g6 {[%clk 00:18:18]} 60. Kg4 {[%clk 00:07:23]} Rc8 {[%clk 00:18:18]}
61. Rh7+ {[%clk 00:07:23]} Ke6 {[%clk 00:18:18]} 62. Rg7 {[%clk 00:07:23]} Rh8
{[%clk 00:18:18]} 63. Ra7 {[%clk 00:07:23]} Rh5 {[%clk 00:18:18]} 64. Ra6+
{[%clk 00:07:23]} Kf7 {[%clk 00:18:18]} 65. Ra7+ {[%clk 00:07:23]} Kg8 {[%clk
00:18:18]} 66. Rb7 {[%clk 00:07:23]} Rg5+ {[%clk 00:18:18]} 67. Kh4 {[%clk
00:07:23]} Rg1 {[%clk 00:18:18]} 68. Ra7 {[%clk 00:07:23]} Kf8 {[%clk
00:18:18]} 69. Rb7 {[%clk 00:07:23]} f5 {[%clk 00:18:18]} 70. exf5 {[%clk
00:07:23]} gxf5 {[%clk 00:18:18]} 71. Rb5 {[%clk 00:07:23]} Kf7 {[%clk
00:10:49]} {[%emt 00:23:06]} 72. Rxe5 {[%clk 00:05:49]} Kf6 {[%clk 00:10:49]}
73. Ra5 {[%clk 00:05:49]} f4 {[%clk 00:10:49]} 74. Rb5 {[%clk 00:05:49]} Rg3
{[%clk 00:10:49]} 75. Ra5 {[%clk 00:05:49]} Ke6 {[%clk 00:10:49]} 76. Rb5
{[%clk 00:05:49]} Rxf3 {[%clk 00:10:49]} 77. Kg4 {[%clk 00:05:49]} Rf1 {[%clk
00:10:49]} 78. Ra5 {[%clk 00:05:49]} Kf6 {[%clk 00:10:49]} 79. Rf5+ {[%clk
00:05:49]} Ke6 {[%clk 00:10:49]} 80. Rxf4 {[%clk 00:05:49]} Rxf4+ {[%clk
00:12:37]} {[%emt 00:06:29]} 81. Kxf4 {[%clk 00:06:52]} 1/2-1/2

[Event "European Women's Chess Club Cup 2023"]
[Site "Durres, Albania"]
[Date "2023.10.02"]
[Round "2.16"]
[White "Belluire, Beatrice"]
[Black "Gaal, Zsoka"]
[Result "0-1"]
[TimeControl "90' + 30' & 30\""]
[WhiteElo "1999"]
[BlackElo "2305"]

1. e4 {[%clk 01:31:00]} c6 {[%clk 01:30:44]} {[%emt 00:00:16]} 2. d4 {[%clk
01:31:25]} {[%emt 00:00:05]} d5 {[%clk 01:31:08]} {[%emt 00:00:06]} 3. e5
{[%clk 01:31:51]} {[%emt 00:00:03]} Bf5 {[%clk 01:31:30]} {[%emt 00:00:09]} 4.
h4 {[%clk 01:32:17]} {[%emt 00:00:05]} h5 {[%clk 01:31:50]} {[%emt 00:00:10]} 5.
Bd3 {[%clk 01:32:42]} {[%emt 00:00:04]} Bxd3 {[%clk 01:32:10]} {[%emt
00:00:09]} 6. Qxd3 {[%clk 01:33:08]} {[%emt 00:00:05]} Qa5+ {[%clk 01:32:24]}
{[%emt 00:00:16]} 7. Nd2 {[%clk 01:33:21]} {[%emt 00:00:18]} e6 {[%clk
01:32:27]} {[%emt 00:00:26]} 8. Ngf3 {[%clk 01:33:43]} {[%emt 00:00:08]} Nh6
{[%clk 01:32:36]} {[%emt 00:00:21]} 9. O-O {[%clk 01:34:01]} {[%emt 00:00:13]}
Nf5 {[%clk 01:32:30]} {[%emt 00:00:35]} 10. Nb3 {[%clk 01:34:05]} {[%emt
00:00:26]} Qa6 {[%clk 01:32:31]} {[%emt 00:00:28]} 11. Qd1 {[%clk 01:34:25]}
{[%emt 00:00:11]} b6 {[%clk 01:30:47]} {[%emt 00:02:14]} 12. Bg5 {[%clk
01:32:57]} {[%emt 00:01:59]} c5 {[%clk 01:29:28]} {[%emt 00:01:48]} 13. dxc5
{[%clk 01:29:41]} {[%emt 00:03:45]} Bxc5 {[%clk 01:28:57]} {[%emt 00:01:02]} 14.
Nxc5 {[%clk 01:25:57]} {[%emt 00:04:14]} bxc5 {[%clk 01:29:18]} {[%emt
00:00:09]} 15. c3 {[%clk 01:25:46]} {[%emt 00:00:41]} Nd7 {[%clk 01:14:16]}
{[%emt 00:15:31]} 16. Re1 {[%clk 01:24:53]} {[%emt 00:01:24]} Rb8 {[%clk
01:07:21]} {[%emt 00:07:25]} 17. b3 {[%clk 01:24:01]} {[%emt 00:01:22]} Qc6
{[%clk 01:06:47]} {[%emt 00:01:03]} 18. Rc1 a5 {[%clk 01:01:59]} {[%emt
00:14:42]} 19. a3 {[%clk 01:06:34]} a4 {[%emt 00:21:38]} 20. b4 Nb6 21. Nd2 Rc8
22. c4 cxb4 23. c5 Na8 24. axb4 Nc7 {[%clk 00:49:54]} 25. Ra1 {[%clk 00:53:30]}
{[%emt 00:33:10]} Ra8 {[%clk 00:35:00]} {[%emt 00:00:48]} 26. Nb1 {[%clk
00:46:51]} {[%emt 00:07:09]} d4 {[%clk 00:31:11]} {[%emt 00:04:20]} 27. Nd2
{[%clk 00:46:08]} {[%emt 00:01:13]} Nd5 {[%clk 00:30:15]} {[%emt 00:01:25]} 28.
Ne4 {[%clk 00:35:20]} {[%emt 00:11:18]} Nxb4 {[%clk 00:24:05]} {[%emt
00:06:40]} 29. Rb1 {[%clk 00:33:37]} {[%emt 00:02:13]} Nd5 {[%clk 00:23:35]}
{[%emt 00:01:01]} 30. Nd6+ {[%clk 00:33:07]} {[%emt 00:01:00]} Nxd6 {[%clk
00:23:43]} {[%emt 00:00:21]} 31. cxd6 {[%clk 00:33:19]} {[%emt 00:00:18]} Nc3
{[%clk 00:19:37]} {[%emt 00:04:37]} 32. Rc1 {[%clk 00:32:41]} {[%emt 00:01:07]}
Nxd1 {[%clk 00:15:48]} {[%emt 00:04:20]} 33. Rxc6 {[%clk 00:33:06]} {[%emt
00:00:05]} Nc3 {[%clk 00:13:02]} {[%emt 00:03:16]} 34. Bd2 {[%clk 00:25:18]}
{[%emt 00:08:17]} Nd5 {[%clk 00:12:08]} {[%emt 00:01:25]} 35. Ra1 {[%clk
00:25:06]} {[%emt 00:00:42]} Kd7 {[%clk 00:10:43]} {[%emt 00:01:55]} 36. Rc4
{[%clk 00:25:23]} {[%emt 00:00:13]} a3 {[%clk 00:09:54]} {[%emt 00:01:20]} 37.
Rc2 {[%clk 00:08:58]} {[%emt 00:16:54]} Rhb8 {[%clk 00:08:02]} {[%emt
00:02:21]} 38. Rca2 {[%clk 00:08:53]} {[%emt 00:00:35]} Rb3 {[%clk 00:06:43]}
{[%emt 00:01:49]} 39. Bc1 {[%clk 00:06:58]} {[%emt 00:02:26]} Nc3 {[%clk
00:06:46]} {[%emt 00:00:27]} 40. Rd2 {[%clk 00:02:50]} {[%emt 00:04:38]} d3
{[%clk 00:01:15]} {[%emt 00:06:01]} 41. Kf1 {[%clk 00:02:20]} {[%emt 00:01:00]}
a2 {[%clk 00:22:38]} {[%emt 00:09:06]} 42. Rb2 {[%clk 00:25:44]} {[%emt
00:07:06]} Rxb2 {[%clk 00:22:26]} {[%emt 00:00:42]} 43. Bxb2 {[%clk 00:26:10]}
{[%emt 00:00:05]} Rb8 {[%clk 00:22:45]} {[%emt 00:00:11]} 0-1

[Event "European Women's Chess Club Cup 2023"]
[Site "Durres, Albania"]
[Date "2023.10.02"]
[Round "2.17"]
[White "Atalik, Ekaterina"]
[Black "Ushenina, Anna"]
[Result "1-0"]
[TimeControl "90' + 30' & 30\""]
[WhiteElo "2394"]
[BlackElo "2434"]

1. c4 {[%clk 01:30:57]} {[%emt 00:00:02]} e5 {[%clk 01:30:45]} {[%emt
00:00:15]} 2. g3 {[%clk 01:30:53]} {[%emt 00:00:34]} Nf6 {[%clk 01:30:56]}
{[%emt 00:00:20]} 3. Nf3 {[%clk 01:29:52]} {[%emt 00:01:30]} e4 {[%clk
01:21:33]} {[%emt 00:09:53]} 4. Nd4 {[%clk 01:29:39]} {[%emt 00:00:44]} Nc6
{[%clk 01:20:33]} {[%emt 00:01:31]} 5. Nc2 {[%clk 01:26:47]} {[%emt 00:03:21]}
d5 {[%clk 01:14:14]} {[%emt 00:06:49]} 6. cxd5 {[%clk 01:26:29]} {[%emt
00:00:47]} Qxd5 {[%clk 01:12:46]} {[%emt 00:01:59]} 7. Bg2 {[%clk 01:25:37]}
{[%emt 00:01:21]} Bc5 {[%clk 00:47:03]} {[%emt 00:26:14]} 8. Nc3 {[%clk
01:25:21]} {[%emt 00:00:46]} Qe5 {[%clk 00:46:03]} {[%emt 00:01:30]} 9. b4
{[%clk 01:19:58]} {[%emt 00:05:53]} Be7 {[%clk 00:39:03]} {[%emt 00:07:30]} 10.
Bb2 {[%clk 01:17:31]} {[%emt 00:02:56]} a6 {[%clk 00:30:35]} {[%emt 00:08:59]}
11. Rb1 {[%clk 01:12:05]} {[%emt 00:05:55]} Qe6 {[%clk 00:23:45]} {[%emt
00:07:21]} 12. b5 {[%clk 00:59:35]} {[%emt 00:13:00]} axb5 {[%clk 00:24:06]}
{[%emt 00:00:09]} 13. Nxb5 {[%clk 00:59:30]} {[%emt 00:00:35]} Qd7 {[%clk
00:24:16]} {[%emt 00:00:20]} 14. O-O {[%clk 00:52:08]} {[%emt 00:07:51]} O-O
{[%clk 00:23:51]} {[%emt 00:00:55]} 15. a3 {[%clk 00:48:15]} {[%emt 00:04:23]}
Rd8 {[%clk 00:15:32]} {[%emt 00:08:50]} 16. Ne3 {[%clk 00:38:55]} {[%emt
00:09:50]} Qxd2 {[%clk 00:07:10]} {[%emt 00:08:52]} 17. Qxd2 {[%clk 00:37:56]}
{[%emt 00:01:29]} Rxd2 {[%clk 00:07:38]} {[%emt 00:00:02]} 18. Nxc7 {[%clk
00:32:32]} {[%emt 00:05:53]} Ra4 {[%clk 00:07:59]} {[%emt 00:00:10]} 19. Rfd1
{[%clk 00:30:18]} {[%emt 00:02:43]} Rxd1+ {[%clk 00:06:49]} {[%emt 00:01:41]}
20. Rxd1 {[%clk 00:30:29]} {[%emt 00:00:18]} Be6 {[%clk 00:04:38]} {[%emt
00:02:42]} 21. Nxe6 {[%clk 00:24:10]} {[%emt 00:06:49]} fxe6 {[%clk 00:05:06]}
{[%emt 00:00:01]} 22. Rc1 {[%clk 00:23:21]} {[%emt 00:01:19]} Ra5 {[%clk
00:01:55]} {[%emt 00:03:41]} 23. Bxf6 {[%clk 00:18:51]} {[%emt 00:05:00]} gxf6
{[%clk 00:02:18]} {[%emt 00:00:08]} 24. Bxe4 {[%clk 00:19:08]} {[%emt
00:00:12]} Bxa3 {[%clk 00:02:20]} {[%emt 00:00:29]} 25. Rb1 {[%clk 00:18:39]}
{[%emt 00:00:58]} Ra7 {[%clk 00:02:16]} {[%emt 00:00:34]} 26. Bxc6 {[%clk
00:09:06]} {[%emt 00:10:03]} bxc6 {[%clk 00:02:42]} {[%emt 00:00:04]} 27. Rb8+
{[%clk 00:09:18]} {[%emt 00:00:18]} Kf7 {[%clk 00:02:11]} {[%emt 00:01:01]} 28.
Rc8 {[%clk 00:09:39]} {[%emt 00:00:09]} Ra6 {[%clk 00:00:58]} {[%emt 00:01:43]}
29. h4 {[%clk 00:08:21]} {[%emt 00:01:47]} Be7 {[%clk 00:00:36]} {[%emt
00:00:53]} 30. Nc4 {[%clk 00:05:51]} {[%emt 00:03:00]} c5 {[%clk 00:00:54]}
{[%emt 00:00:12]} 31. h5 {[%clk 00:04:52]} {[%emt 00:01:29]} Ra4 {[%clk
00:01:06]} {[%emt 00:00:18]} 32. Ne3 {[%clk 00:04:47]} {[%emt 00:00:35]} Ra2
{[%clk 00:01:13]} {[%emt 00:00:23]} 33. Kf1 {[%clk 00:04:54]} {[%emt 00:00:23]}
Ra5 {[%clk 00:01:01]} {[%emt 00:00:42]} 34. h6 {[%clk 00:04:07]} {[%emt
00:01:17]} Ra7 {[%clk 00:00:36]} {[%emt 00:00:56]} 35. Ng4 {[%clk 00:03:34]}
{[%emt 00:01:03]} Ra4 {[%clk 00:00:44]} {[%emt 00:00:22]} 36. f3 {[%clk
00:03:19]} {[%emt 00:00:44]} c4 {[%clk 00:00:41]} {[%emt 00:00:33]} 37. Rh8
{[%clk 00:02:57]} {[%emt 00:00:52]} Bf8 {[%clk 00:00:37]} {[%emt 00:00:35]} 38.
Rxh7+ {[%clk 00:03:00]} {[%emt 00:00:27]} Kg6 {[%clk 00:00:50]} {[%emt
00:00:17]} 39. Rh8 {[%clk 00:02:28]} {[%emt 00:01:01]} Ra8 {[%clk 00:01:01]}
{[%emt 00:00:19]} 40. Rg8+ {[%clk 00:02:25]} {[%emt 00:00:33]} Kh7 {[%clk
00:01:26]} {[%emt 00:00:06]} 41. Nxf6+ {[%clk 00:02:40]} {[%emt 00:00:14]} Kxh6
{[%clk 00:01:54]} {[%emt 00:00:02]} 42. Kg2 {[%clk 00:00:41]} {[%emt 00:02:29]}
c3 {[%clk 00:29:32]} {[%emt 00:02:53]} 43. g4 {[%clk 00:24:48]} {[%emt
00:06:22]} Ra5 {[%clk 00:28:57]} {[%emt 00:01:06]} 44. Rxf8 {[%clk 00:23:57]}
{[%emt 00:01:20]} Rc5 {[%clk 00:29:21]} {[%emt 00:00:07]} 45. Rg8 {[%clk
00:23:06]} {[%emt 00:01:20]} c2 {[%clk 00:29:10]} {[%emt 00:00:42]} 46. f4
{[%clk 00:23:12]} {[%emt 00:00:23]} c1=Q {[%clk 00:29:16]} {[%emt 00:00:25]} 47.
g5+ {[%clk 00:23:37]} {[%emt 00:00:04]} Rxg5+ {[%clk 00:29:43]} {[%emt
00:00:03]} 48. fxg5+ {[%clk 00:24:03]} {[%emt 00:00:05]} Qxg5+ {[%clk
00:30:10]} {[%emt 00:00:02]} 49. Rxg5 {[%clk 00:24:27]} {[%emt 00:00:06]} 1-0

[Event "European Women's Chess Club Cup 2023"]
[Site "Durres, Albania"]
[Date "2023.10.02"]
[Round "2.18"]
[White "Javakhishvili, Lela"]
[Black "Rakhmangulova, Anastasiya"]
[Result "1-0"]
[TimeControl "90' + 30' & 30\""]
[WhiteElo "2437"]
[BlackElo "2354"]

1. c4 {[%clk 01:30:54]} {[%emt 00:00:05]} e5 {[%clk 01:30:38]} {[%emt
00:00:22]} 2. Nc3 {[%clk 01:30:11]} {[%emt 00:01:13]} Nf6 {[%clk 01:31:02]}
{[%emt 00:00:07]} 3. Nf3 {[%clk 01:30:30]} {[%emt 00:00:10]} e4 {[%clk
01:30:19]} {[%emt 00:01:14]} 4. Ng5 {[%clk 01:29:31]} {[%emt 00:01:28]} c6
{[%clk 01:30:41]} {[%emt 00:00:08]} 5. Ngxe4 {[%clk 01:26:53]} {[%emt
00:03:08]} Nxe4 {[%clk 01:31:04]} {[%emt 00:00:07]} 6. Nxe4 {[%clk 01:27:21]}
{[%emt 00:00:03]} d5 {[%clk 01:31:27]} {[%emt 00:00:06]} 7. cxd5 {[%clk
01:22:55]} {[%emt 00:04:56]} cxd5 {[%clk 01:31:46]} {[%emt 00:00:12]} 8. Ng3
{[%clk 01:23:05]} {[%emt 00:00:20]} h5 {[%clk 01:32:09]} {[%emt 00:00:06]} 9.
e3 {[%clk 01:20:07]} {[%emt 00:03:28]} h4 {[%clk 01:32:32]} {[%emt 00:00:07]}
10. Ne2 {[%clk 01:19:16]} {[%emt 00:01:22]} Nc6 {[%clk 01:32:55]} {[%emt
00:00:06]} 11. a3 {[%clk 01:16:09]} {[%emt 00:03:37]} h3 {[%clk 01:18:10]}
{[%emt 00:15:16]} 12. Nf4 {[%clk 01:11:41]} {[%emt 00:04:57]} d4 {[%clk
01:11:48]} {[%emt 00:06:52]} 13. Qf3 {[%clk 01:08:04]} {[%emt 00:04:06]} Be7
{[%clk 01:01:53]} {[%emt 00:10:26]} 14. gxh3 {[%clk 00:54:35]} {[%emt
00:14:00]} g5 {[%clk 00:57:09]} {[%emt 00:05:14]} 15. Nd5 {[%clk 00:51:02]}
{[%emt 00:04:02]} Be6 {[%clk 00:57:18]} {[%emt 00:00:21]} 16. Nxe7 {[%clk
00:51:05]} {[%emt 00:00:26]} Qxe7 {[%clk 00:57:16]} {[%emt 00:00:32]} 17. d3
{[%clk 00:46:45]} {[%emt 00:04:51]} O-O-O {[%clk 00:48:54]} {[%emt 00:08:52]}
18. Bd2 {[%clk 00:41:18]} {[%emt 00:05:57]} f5 {[%clk 00:43:36]} {[%emt
00:05:48]} 19. Be2 {[%clk 00:28:56]} {[%emt 00:12:52]} f4 {[%clk 00:24:16]}
{[%emt 00:19:50]} 20. Rg1 {[%clk 00:22:17]} {[%emt 00:07:09]} Rxh3 {[%clk
00:20:54]} {[%emt 00:03:52]} 21. Qe4 {[%clk 00:22:37]} {[%emt 00:00:10]} dxe3
{[%clk 00:20:36]} {[%emt 00:00:48]} 22. fxe3 {[%clk 00:22:19]} {[%emt
00:00:49]} Rxh2 {[%clk 00:20:50]} {[%emt 00:00:16]} 23. Rc1 {[%clk 00:15:28]}
{[%emt 00:07:20]} Qd7 {[%clk 00:18:28]} {[%emt 00:02:52]} 24. Rxg5 {[%clk
00:14:31]} {[%emt 00:01:27]} fxe3 {[%clk 00:05:13]} {[%emt 00:13:45]} 25. Bxe3
{[%clk 00:14:34]} {[%emt 00:00:28]} Re8 {[%clk 00:05:40]} {[%emt 00:00:03]} 26.
Kd2 {[%clk 00:12:09]} {[%emt 00:02:55]} Rh3 {[%clk 00:04:20]} {[%emt 00:01:49]}
27. Bf4 {[%clk 00:10:57]} {[%emt 00:01:42]} Rh4 {[%clk 00:03:17]} {[%emt
00:01:33]} 28. Qe5 {[%clk 00:10:56]} {[%emt 00:00:30]} Kd8 {[%clk 00:02:55]}
{[%emt 00:00:53]} 29. Rxc6 {[%clk 00:07:55]} {[%emt 00:03:32]} Qxc6 {[%clk
00:01:29]} {[%emt 00:01:55]} 30. Rg7 {[%clk 00:07:27]} {[%emt 00:00:58]} Rxf4
{[%clk 00:01:19]} {[%emt 00:00:40]} 31. Qxf4 {[%clk 00:07:31]} {[%emt
00:00:27]} Qb6 {[%clk 00:00:41]} {[%emt 00:01:08]} 32. b4 {[%clk 00:06:11]}
{[%emt 00:01:50]} Bd7 {[%clk 00:00:57]} {[%emt 00:00:13]} 33. Bh5 {[%clk
00:05:46]} {[%emt 00:00:55]} Rh8 {[%clk 00:00:40]} {[%emt 00:00:48]} 34. Rxd7+
{[%clk 00:02:02]} {[%emt 00:04:14]} Kxd7 {[%clk 00:01:05]} {[%emt 00:00:04]} 35.
Bg4+ {[%clk 00:02:28]} {[%emt 00:00:04]} Kc6 {[%clk 00:00:34]} {[%emt
00:01:01]} 36. Qf6+ {[%clk 00:02:53]} {[%emt 00:00:05]} Kb5 {[%clk 00:00:52]}
{[%emt 00:00:11]} 37. Bd7+ {[%clk 00:03:08]} {[%emt 00:00:16]} Ka6 {[%clk
00:01:17]} {[%emt 00:00:06]} 38. b5+ {[%clk 00:03:29]} {[%emt 00:00:09]} 1-0